Central Library OPAC University of Rajshahi

Calcutta / (Record no. 31745)

MARC details
000 -LEADER
fixed length control field 00741cam a2200277 a 4500
001 - CONTROL NUMBER
control field 31745
003 - CONTROL NUMBER IDENTIFIER
rucl marc code BD-RjUL
005 - DATE AND TIME OF LATEST TRANSACTION
control field 20211209051737.0
008 - FIXED-LENGTH DATA ELEMENTS--GENERAL INFORMATION
fixed length control field 140422s1971 enka b 001 0 eng
020 ## - INTERNATIONAL STANDARD BOOK NUMBER
International Standard Book Number 0297004557
035 ## - SYSTEM CONTROL NUMBER
System control number (BD-RjUL)31833
System control number 1079467
040 ## - CATALOGING SOURCE
Original cataloging agency LC
Language of cataloging eng
Transcribing agency LC
Modifying agency XNTU
-- BD-RjUL
041 ## - LANGUAGE CODE
Language code of text/sound track or separate title eng
082 04 - DEWEY DECIMAL CLASSIFICATION NUMBER
Classification number 954.147
Edition number 20
Author mark and year MOC 1974
100 1# - MAIN ENTRY--PERSONAL NAME
Personal name Moorhouse, Geoffrey,
Dates associated with a name 1931-
9 (RLIN) 96614
245 10 - TITLE STATEMENT
Title Calcutta /
Statement of responsibility, etc. Geoffrey Moorhouse.
260 ## - PUBLICATION, DISTRIBUTION, ETC. (IMPRINT)
Place of publication, distribution, etc. London :
Name of publisher, distributor, etc. Weidenfeld,
Date of publication, distribution, etc. 1974.
300 ## - PHYSICAL DESCRIPTION
Pagination xvi, 376 p. :
Illustrations ill. ;
Size 23 cm.
500 ## - GENERAL NOTE
General note Includes index.
504 ## - BIBLIOGRAPHY, ETC. NOTE
Bibliography, etc Bibliography: p. 348-350.
651 #0 - SUBJECT ADDED ENTRY--GEOGRAPHIC NAME
Geographic name Calcutta (India)
9 (RLIN) 96615
942 ## - ADDED ENTRY ELEMENTS (KOHA)
Source of classification or shelving scheme Dewey Decimal Classification
Koha item type Books
Holdings
Lost status Source of classification or shelving scheme Damaged status Not for loan Permanent Location Current Location Shelving location Date acquired Source of acquisition Cost, normal purchase price Total Checkouts Full call number Date last seen Copy number Koha item type
  Dewey Decimal Classification   Not For Loan Central Library, University of Rajshahi Central Library, University of Rajshahi Reading Room 12/11/1990 Shawkat Osman 0.00   954.147 MOC 1974 22/04/2014 C-1 Books